Name All of Lucio Corsi's Songs - Statistics

General Stats
  • This quiz has been taken 15 times
  • The average score is 19 of 46
Answer Stats
Released Album Answer % Correct
October 2019 Cosa Faremo Da Grandi? Cosa Faremo Da Grandi?
100%
November 2024 Volevo essere un duro Tu sei il mattino
100%
February 2025 Volevo essere un duro Volevo essere un duro
100%
March 2023 La Gente che Sogna Astronave Giradisco
80%
March 2025 Volevo essere un duro Il Re del rave
80%
April 2023 La Gente che Sogna La Gente che Sogna
80%
March 2025 Volevo essere un duro Nel cuore della notte
80%
March 2025 Volevo essere un duro Sigarette
80%
March 2025 Volevo essere un duro Situazione complicata
80%
March 2025 Volevo essere un duro Francis Delacroix
60%
January 2017 Bestiario musicale La lepre
60%
March 2025 Volevo essere un duro Questa vita
60%
January 2020 Cosa Faremo Da Grandi? Trieste
60%
January 2015 Altalena Boy/Vetulonia Dakar Altalena Boy
40%
January 2020 Cosa Faremo Da Grandi? Amico vola via
40%
January 2020 Cosa Faremo Da Grandi? Freccia Bianca
40%
January 2017 Bestiario musicale Il lupo
40%
March 2023 La Gente che Sogna La Bocca della Verità
40%
January 2017 Bestiario musicale La lucertola
40%
January 2015 Altalena Boy/Vetulonia Dakar L'astronave
40%
January 2017 Bestiario musicale La Volpe
40%
March 2025 Volevo essere un duro Let There Be Rocko
40%
January 2017 Bestiario musicale L'upupa
40%
April 2023 La Gente che Sogna Magia Nera
40%
April 2023 La Gente che Sogna Orme
40%
January 2015 Altalena Boy/Vetulonia Dakar Søren
40%
January 2015 Altalena Boy/Vetulonia Dakar Alieni
20%
January 2020 Cosa Faremo Da Grandi? Bigbuca
20%
January 2015 Altalena Boy/Vetulonia Dakar Cocomero
20%
April 2023 La Gente che Sogna Danza Classica
20%
April 2023 La Gente che Sogna Glam Party
20%
January 2015 Altalena Boy/Vetulonia Dakar Godzilla
20%
January 2017 Bestiario musicale Il cinghiale
20%
January 2017 Bestiario musicale La civetta
20%
January 2020 Cosa Faremo Da Grandi? La ragazza trasparente
20%
January 2015 Altalena Boy/Vetulonia Dakar Le Api
20%
January 2017 Bestiario musicale L'istrice
20%
January 2020 Cosa Faremo Da Grandi? L'orologio
20%
January 2015 Altalena Boy/Vetulonia Dakar Migrazione Generale Dalle Campagne Alle Città
20%
January 2020 Cosa Faremo Da Grandi? Onde
20%
April 2023 La Gente che Sogna Radio Mayday
20%
January 2020 Cosa Faremo Da Grandi? Senza titolo
20%
April 2023 La Gente che Sogna Un Altro Mondo
20%
January 2015 Altalena Boy/Vetulonia Dakar Canzone Per Me
0%
January 2015 Altalena Boy/Vetulonia Dakar Dinosauri
0%
April 2016 Non-album single Il cuore va nell'organico (with Margherita Vicario)
0%
No matching quizzes found
Score Distribution
Percent of People with Each Score
Percentile by Number Answered
Your Score History
You have not taken this quiz